Luật giao dịch điện tử và các nghị định hướng dẫn thi hành

Wedi'i Gadw mewn:
Manylion Llyfryddiaeth
Fformat: Llyfr
Iaith:Undetermined
Cyhoeddwyd: H. Bưu điện 2007
Pynciau:
Tagiau: Ychwanegu Tag
Dim Tagiau, Byddwch y cyntaf i dagio'r cofnod hwn!
Thư viện lưu trữ: Trung tâm Học liệu Trường Đại học Cần Thơ
LEADER 00558nam a2200181Ia 4500
001 CTU_129013
008 210402s9999 xx 000 0 und d
020 |c 20000 
082 |a 341.597757 
082 |b L504 
245 0 |a Luật giao dịch điện tử và các nghị định hướng dẫn thi hành 
260 |a H. 
260 |b Bưu điện 
260 |c 2007 
650 |a communications,technology 
650 |x law and legislation,law and legislation 
904 |i Năm 
980 |a Trung tâm Học liệu Trường Đại học Cần Thơ